000 01084nam a2200313 a 4500
999 _c11453
_d11453
001 11453
003 BD-JhCC
005 20190922114520.0
008 190622s2012 ii a ob 000 0 eng d
020 _z9781259029431
020 _z1259029433
020 _a9781840788310
035 _a(BD-JhCC)11453
040 _aNhNaSKC
_erda
_epn
_cNhNaSKC
_dBD-JhCC
041 _aeng
050 1 4 _aQA76.73.P224
_b.M34 2018
082 0 4 _a006.7
_223
_bMCG 2012
100 1 _aMcgrath, Mike,
245 1 0 _aPHP & MySQL in Easy Steps /
_cby Mike Mcgrath.
260 _aNew Delhi :
_bMcGraw Hill,
_c2012.
300 _a1 online resource (192 pages) :
_billustrations.
_c24 cm.
504 _aIncludes index and bibliographical references.
520 _aWritten in an easy-to-follow style, this book uses examples to teach the user how to write PHP server-side scripts and how to make MySQL database queries. --
650 0 _aPHP (Computer program language)
650 0 _aMySQL (Electronic resource)
650 0 _aWeb site development.
655 0 _aElectronic books.
942 _2ddc
_cBK